000 00804nam a22002177a 4500
005 20081020154859.0
008 081020t xxu||||| |||| 00| 0 eng d
010 _aENG-84160
020 _a8183186394
020 _c475.00 (hb)
035 _aEN-67693
082 _a330.91732
100 _aJahan, K Kumar
245 _aUrban informal economy:
_bperformance and issues /
_cby K Kumar Jahan
260 _aMumbai
_bHimalaya Publishing House
_eRamdoot, Dr Bhalerao Marg, Girgaon, Mumbai-400004
260 _c2007
300 _a175p
_c22cm
500 _aIncludes bibliographical references
942 _2ddc
_cEN
_h330.91732
_mJAH
999 _c17123
_d17123